Aplikácia nákladového princípu v účtovníctve podnikateľov
Nákladový princíp - základ pre oceňovanie na báze historických nákladov (cien). Správne vyčíslenie historických nákladov - jedna z najdôležitejších úloh účtovníctva. Obstarávacie náklady a výrobné náklady. Oceňovanie v historických cenách pri zostavovaní účtovnej závierky používané len ako princíp o...
Salvato in:
| Autore principale: | |
|---|---|
| Natura: | Capitolo di libro |
| Lingua: | slovacco |
| Soggetti: | |
| Tags: |
Nessun Tag, puoi essere il primo ad aggiungerne!!
|
MARC
| LEADER | 00000nla$a2200000$$$4500 | ||
|---|---|---|---|
| 001 | 0090814 | ||
| 005 | 20240502072020.7 | ||
| 041 | 0 | |a slo | |
| 044 | |a SK | ||
| 245 | 1 | 0 | |a Aplikácia nákladového princípu v účtovníctve podnikateľov |c Martina Podmanická |
| 520 | |a Nákladový princíp - základ pre oceňovanie na báze historických nákladov (cien). Správne vyčíslenie historických nákladov - jedna z najdôležitejších úloh účtovníctva. Obstarávacie náklady a výrobné náklady. Oceňovanie v historických cenách pri zostavovaní účtovnej závierky používané len ako princíp oceňovania. | ||
| 610 | 2 | 0 | |a účtovníctvo |
| 610 | 2 | 0 | |a oceňovanie |
| 610 | 2 | 0 | |a náklady |
| 610 | 2 | 0 | |a ceny |
| 610 | 2 | 0 | |a závierka účtovná |
| 100 | 1 | |a Podmanická, Martina, 1977- | |